000 02200cam a22004574i 4500
003 PE-LiUPU
005 20250731173344.0
008 150706s r 000 0 d
020 _a0829710272
035 _a(Sirsi) i9780829710274
040 _aPE-LiUPU
_bspa
_cPE-LiUPU
_erda
049 _aPRUA
082 0 4 _a232.9
_bH66
_221
100 1 _aHoff, Pablo,
_eautor.
245 1 0 _aSe hizo hombre :
_bla fascinante historia del Dios Hombre como se relata en los evangelios sinópticos /
_cPablo Hoff.
264 1 _aMiami :
_bVida,
_c1989.
300 _a318 páginas ;
_c22 centímetros
336 _atext
_2rdacontent
337 _aunmediated
_2rdamedia
338 _avolume
_2rdacarrier
505 0 _a El Trasfondo Histórico Y Religioso del Nuevo Testamento -- Las fuentes de la Historia de Jesucristo.-El Divino Maestro -- El Sermón Del Monte.- El Nacimiento Y la Infancias de Juan Y De Jesucristo -- El Comenzó del Ministerio de Jesús -- La Primera Etapa del Ministerio en Galilea -- Los Viajes por Galilea Y la Creciente Hostilidad -- El Método Parabólico -- Preparación Especial le los Doce Discípulos.-Los en el Camino A Jerusalén -- El Ministerio de Cristo en Perea -- El Final del Ministerio Publico de Jesús en Jerusalén -- El Discurso Sobre los Sucesos Futuros -- La Consumación -- Triunfo Y Gloria: La Resurrección Y la Ascensión -- Preguntas De Estudio.
526 _aSEG42
526 _aSEG41
526 _aSEG40
526 _aSEG39
526 _aP94
526 _aP87
526 _aP86
526 _aP85
526 _aP77
526 _aP76
526 _aP35
541 _g001-0021169;
600 1 _aJesucristo
_xHistoricidad
_95046
910 _agl
_bjv
_cng
_d20091104
942 _2ddc
_cBOOK
949 _a232.9 H66
_wDEWEY
_c1
_i60635
_lCCODEBUL1
_mBUL
_p13.00
_r0
_sY
_tBOOK
_u2015-7-6
_xTEOLOGIA
_zUNKNOWN
_0COMPRA
_o.STAFF. Colección General
994 _aC0
_bPEPRU
596 _a1
999 _a232.9 H66
_wDEWEY
_c50050
_i60635
_d50050
_f2021-11-11
_g5
_lCCODEBUL1
_mBUL
_p13.00
_q1
_r0
_sY
_tBOOK
_u2015-7-6
_xTEOLOGIA
_zUNKNOWN
_0COMPRA
_o.STAFF. Colección General
980 _81
_gALBERTO SANCHEZ Responsable de Automatización